[Event "15th HZ Open"]
[Site "Vlissingen NED"]
[Date "2011.08.03"]
[Round "6"]
[White "Postny, Evgeny"]
[Black "Landa, Konstantin"]
[Result "1/2-1/2"]
[WhiteTitle "GM"]
[BlackTitle "GM"]
[WhiteElo "2618"]
[BlackElo "2628"]
[WhiteFideId "2804344"]
[BlackFideId "4101685"]
[EventDate "2011.07.30"]

1. d4 Nf6 2. c4 e6 3. Nc3 Bb4 4. e3 O-O 5. Ne2 d5 6. a3 Bd6 7. c5 Be7 8. b4 b6
9. Nf4 a5 10. Bb2 c6 11. Be2 Nbd7 12. O-O Qc7 13. Qc2 Re8 14. Nd3 Ba6 15. f4
Reb8 16. Ne5 Bxe2 17. Qxe2 axb4 18. axb4 Rxa1 19. Rxa1 bxc5 20. bxc5 Nxe5 21.
fxe5 Nd7 22. e4 Qb7 23. Nd1 Ra8 24. Rxa8+ Qxa8 25. Bc3 Qa4 26. Nf2 Qb3 27. Qb2
Qxb2 28. Bxb2 dxe4 29. Nxe4 f6 1/2-1/2

[Event "15th HZ Open"]
[Site "Vlissingen NED"]
[Date "2011.08.03"]
[Round "6"]
[White "Smeets, Jan"]
[Black "Sveshnikov, Evgeny"]
[Result "1-0"]
[WhiteTitle "GM"]
[BlackTitle "GM"]
[WhiteElo "2628"]
[BlackElo "2514"]
[WhiteFideId "1007246"]
[BlackFideId "4100638"]
[EventDate "2011.07.30"]

1. d4 d5 2. c4 e6 3. Nf3 Nf6 4. Nc3 c6 5. Bg5 h6 6. Bh4 Be7 7. e3 O-O 8. Bd3
dxc4 9. Bxc4 Nbd7 10. O-O b5 11. Be2 Bb7 12. a3 Nd5 13. Bxe7 Nxc3 14. Bxd8 Nxd1
15. Be7 Rfe8 16. Rfxd1 Rxe7 17. Rac1 Rb8 18. Nd2 e5 19. Nb3 g6 20. Bf3 exd4 21.
exd4 Nb6 22. Na5 Nd5 23. Kf1 Rd7 24. Nxb7 Rbxb7 25. Rxc6 Rb8 26. Bxd5 Rxd5 27.
Rc5 Rd6 28. Ke2 a5 29. Kd3 Kf8 30. b3 Ke7 31. Re1+ Kf6 32. d5 Rbb6 33. Kd4 Rd8
34. Re3 h5 35. Rf3+ Kg7 36. Rc7 Rbd6 37. Rc5 Rb6 38. h4 Rd7 39. g3 Rb8 40. Re3
Rb6 41. Re2 a4 42. b4 Rf6 43. Rxb5 Rf3 44. Ra2 Re7 45. Ra5 Re1 46. Kc5 Rd1 47.
Kc6 Kf6 48. Rc5 Ke7 49. Kc7 Rfd3 50. b5 Rxd5 51. Rxd5 Rxd5 52. Re2+ Kf6 53. b6
Rc5+ 54. Kd6 Rb5 55. Kc6 1-0

[Event "15th HZ Open"]
[Site "Vlissingen NED"]
[Date "2011.08.03"]
[Round "6"]
[White "Hoffmann, Michael1"]
[Black "Henrichs, Thomas"]
[Result "1/2-1/2"]
[WhiteTitle "GM"]
[BlackTitle "IM"]
[WhiteElo "2493"]
[BlackElo "2475"]
[WhiteFideId "4601297"]
[BlackFideId "4626605"]
[EventDate "2011.07.30"]

1. d4 Nf6 2. c4 g6 3. Nc3 d5 4. Nf3 Bg7 5. cxd5 Nxd5 6. e4 Nxc3 7. bxc3 c5 8.
Rb1 O-O 9. Be2 Nc6 10. d5 Bxc3+ 11. Bd2 Bxd2+ 12. Qxd2 Na5 13. h4 Bg4 14. Ng5
Bxe2 15. Kxe2 h6 16. h5 hxg5 17. hxg6 Qd6 18. gxf7+ Rxf7 19. Qxa5 Rxf2+ 20. Kxf2
Qf4+ 21. Ke2 Qxe4+ 22. Kd2 Rf8 23. Rbf1 Qxg2+ 24. Ke1 Qe4+ 25. Kd1 Qd3+ 26. Ke1 1/2-1/2

[Event "15th HZ Open"]
[Site "Vlissingen NED"]
[Date "2011.08.03"]
[Round "6"]
[White "Eisenbeiser, Amadeus"]
[Black "Ikonnikov, Vyacheslav"]
[Result "1-0"]
[WhiteTitle "IM"]
[BlackTitle "GM"]
[WhiteElo "2386"]
[BlackElo "2553"]
[WhiteFideId "4678338"]
[BlackFideId "4100972"]
[EventDate "2011.07.30"]

1. e4 c5 2. Nf3 Nc6 3. c4 e5 4. Nc3 d6 5. d3 g6 6. Be2 Bg7 7. O-O Nge7 8. a3 O-O
9. Rb1 f5 10. b4 b6 11. b5 Na5 12. Ne1 Be6 13. Bd2 Nb7 14. Nc2 Qd7 15. Ne3 f4
16. Ned5 Rae8 17. a4 Nc8 18. Ra1 Bf6 19. Bf3 Bd8 20. Kh1 Rf7 21. g3 Ref8 22.
gxf4 exf4 23. Rg1 Bh4 24. Qe2 Ne7 25. Rae1 Nd8 26. Bc1 g5 27. Nxe7+ Rxe7 28. Nd5
Rg7 29. Bb2 Rg6 30. e5 g4 31. exd6 Qxd6 32. Bxg4 Bxd5+ 33. cxd5 Bf6 34. Bxf6
Rfxf6 35. Qe4 Kg7 36. Bh5 Rxg1+ 37. Rxg1+ Kh8 38. d4 cxd4 39. Qxd4 Nb7 40. Bf7
h5 41. Rg6 1-0

[Event "15th HZ Open"]
[Site "Vlissingen NED"]
[Date "2011.08.03"]
[Round "6"]
[White "Deepan, Chakkravarthy J."]
[Black "Fernandez, Daniel Howard"]
[Result "1/2-1/2"]
[WhiteTitle "GM"]
[BlackTitle "IM"]
[WhiteElo "2470"]
[BlackElo "2328"]
[WhiteFideId "5011132"]
[BlackFideId "5801605"]
[EventDate "2011.07.30"]

1. d4 Nf6 2. Nf3 b5 3. g3 Bb7 4. Bg2 e6 5. a4 b4 6. c4 Be7 7. O-O O-O 8. Nbd2 d6
9. b3 a5 10. Qc2 Nfd7 11. Ng5 Bxg5 12. Bxb7 Ra7 13. Bg2 Bf6 14. Bb2 g6 15. Rad1
Bg7 16. f4 Qe7 17. Nf3 c6 18. e4 d5 19. cxd5 cxd5 20. e5 Bh6 21. Rc1 Nb6 22. Qd3
Qd7 23. Rc5 Rc8 24. Rfc1 Bf8 25. Rxc8 Nxc8 26. Qc2 Ne7 27. Bf1 Na6 28. Bb5 Qd8
29. Qe2 Nc7 30. Bd3 Ne8 31. Kg2 Rc7 32. Rxc7 Qxc7 33. Qc2 Qxc2+ 34. Bxc2 Nc7 35.
Bd3 Nc8 36. Bc1 Be7 37. g4 Nb6 38. Kg3 Bd8 39. Be3 Nd7 40. Be2 Be7 41. Ne1 f5
42. exf6 Nxf6 43. Nd3 Ne4+ 44. Kf3 Nd6 45. Ne5 Bf6 46. Nc6 Nb7 47. Bf2 Kf8 48.
Bg3 Ke8 49. Bd3 Nd8 50. Nxd8 Kxd8 51. Ke3 Ne8 52. h3 Ke7 53. Bf2 Nd6 54. Kf3 Kd7
55. h4 Bg7 56. Ke3 Bh8 57. Be2 Ne4 58. Be1 Ke7 59. Kd3 Nf6 60. Ke3 Bg7 61. Bf2
h5 62. g5 Ne4 63. Be1 Nd6 64. Bd3 Nf5+ 65. Bxf5 1/2-1/2

[Event "15th HZ Open"]
[Site "Vlissingen NED"]
[Date "2011.08.03"]
[Round "6"]
[White "Bezemer, Arno"]
[Black "Zaragatski, Ilja"]
[Result "1/2-1/2"]
[WhiteTitle "FM"]
[BlackTitle "IM"]
[WhiteElo "2348"]
[BlackElo "2469"]
[WhiteFideId "1001396"]
[BlackFideId "4655192"]
[EventDate "2011.07.30"]

1. e4 g6 2. d4 Bg7 3. Nf3 c5 4. d5 Nf6 5. Nc3 d6 6. Bb5+ Nbd7 7. a4 O-O 8. O-O
a6 9. Be2 Ne8 10. Nd2 Nc7 11. Nc4 Rb8 12. a5 b5 13. axb6 Nxb6 14. Na5 Bd7 15.
Bg4 Nb5 16. Bxd7 Nxc3 17. bxc3 Qxd7 18. Nc6 Ra8 19. Qd3 e6 20. Bf4 f5 21. f3
fxe4 22. fxe4 exd5 23. exd5 Rf5 24. Rxa6 Rxa6 25. Qxa6 Nxd5 26. Nb8 Qe6 27. Bxd6
Rxf1+ 28. Kxf1 Bxc3 29. Bg3 Qf5+ 30. Kg1 Bd4+ 31. Kh1 Nb4 32. Qe2 Nxc2 33. Nc6
Bf6 34. Bd6 Kg7 35. Ne7 Qd7 36. Bxc5 Nd4 37. Qd3 Qb5 38. Qxb5 1/2-1/2

[Event "15th HZ Open"]
[Site "Vlissingen NED"]
[Date "2011.08.03"]
[Round "6"]
[White "Haimovich, Tal"]
[Black "Brown, Andrew"]
[Result "1-0"]
[WhiteTitle "IM"]
[BlackTitle "IM"]
[WhiteElo "2419"]
[BlackElo "2202"]
[WhiteFideId "2801698"]
[BlackFideId "3206513"]
[EventDate "2011.07.30"]

1. e4 c5 2. Nf3 Nc6 3. d4 cxd4 4. Nxd4 Nf6 5. Nc3 e5 6. Ndb5 d6 7. Bg5 a6 8. Na3
b5 9. Nd5 Be7 10. Bxf6 Bxf6 11. c3 Ne7 12. Nxf6+ gxf6 13. Bd3 Bb7 14. Qe2 d5 15.
O-O-O Qb6 16. Nc2 O-O-O 17. Rhe1 f5 18. exf5 e4 19. Nd4 b4 20. f3 bxc3 21. bxc3
Kb8 22. Qb2 Qh6+ 23. Kb1 Rd6 24. fxe4 Rb6 25. Nb3 Rd8 26. e5 a5 27. Qa3 Nc6 28.
Qc5 Ka7 29. Ka1 Qxh2 30. Rb1 Nxe5 31. Qxa5+ Ba6 32. Bxa6 Nc6 33. Re7+ Nxe7 34.
Bb5+ 1-0

[Event "15th HZ Open"]
[Site "Vlissingen NED"]
[Date "2011.08.03"]
[Round "6"]
[White "Brookes, Christopher"]
[Black "Leenhouts, Koen"]
[Result "1-0"]
[BlackTitle "IM"]
[WhiteElo "2056"]
[BlackElo "2397"]
[WhiteFideId "4669355"]
[BlackFideId "1008439"]
[EventDate "2011.07.30"]

1. e4 g6 2. d4 Bg7 3. Nc3 c6 4. Nf3 d5 5. h3 Nh6 6. Bf4 f6 7. Qe2 O-O 8. O-O-O
Nf7 9. g4 b5 10. exd5 cxd5 11. Qxb5 e6 12. Qc5 Nd7 13. Qc6 Nb6 14. Bc7 Bd7 15.
Qc5 Qc8 16. Bb5 Bxb5 17. Nxb5 Nd7 18. Qc6 Re8 19. Rhe1 a6 20. Nd6 Nxd6 21. Qxd6
Bf8 22. Qg3 e5 23. Ba5 e4 24. Nd2 Qc6 25. Kb1 Bd6 26. Qc3 Qb5 27. Nb3 Rac8 28.
Qe3 Rc4 29. f3 Ra4 30. Qc3 Bg3 31. fxe4 Bxe1 32. Rxe1 dxe4 33. g5 Rc4 34. Qg3
Qxg5 35. Qd6 Qb5 36. d5 Re5 37. Bc3 Rxc3 38. bxc3 Qxd5 39. Qxa6 f5 40. c4 Qe6
41. Qa7 e3 42. c5 f4 43. Nd4 Qd5 44. c6 Nc5 45. Qb8+ Kg7 46. c7 Na6 47. Qa7 Re7
48. Ne6+ Qxe6 49. c8=Q Qxc8 50. Qxe7+ Kh6 51. Qh4+ Kg7 52. Qxf4 Qb7+ 53. Kc1 Nb4
54. Qd4+ Kg8 55. Rxe3 Nxa2+ 56. Kd2 Qg2+ 57. Re2 Qg5+ 58. Ke1 Qa5+ 59. Kf1 Qf5+
60. Kg2 Qg5+ 61. Kh2 Qb5 62. Qd8+ Kg7 63. Re7+ Kh6 64. Qd2+ g5 65. Qd6+ 1-0

[Event "15th HZ Open"]
[Site "Vlissingen NED"]
[Date "2011.08.03"]
[Round "6"]
[White "Stefan, Romulus-Cristian"]
[Black "Poetsch, Hagen"]
[Result "1-0"]
[BlackTitle "IM"]
[WhiteElo "2172"]
[BlackElo "2403"]
[WhiteFideId "1232835"]
[BlackFideId "24615137"]
[EventDate "2011.07.30"]

1. f4 d5 2. Nf3 Bg4 3. e3 Nf6 4. Be2 Nbd7 5. O-O c6 6. b3 Bxf3 7. Bxf3 e5 8. d4
e4 9. Be2 b5 10. c4 a6 11. Nc3 Bd6 12. Bd2 O-O 13. c5 Nxc5 14. dxc5 Bxc5 15. Kh1
Qb6 16. Qc1 Rfe8 17. Nd1 d4 18. b4 Bd6 19. exd4 Nd5 20. a3 Qxd4 21. Be3 Qf6 22.
Ra2 Nxe3 23. Qxe3 a5 24. bxa5 g5 25. fxg5 Qe5 26. Qh3 Rxa5 27. Ne3 Qxg5 28. Qd7
Qe7 29. Qg4+ Kf8 30. Nf5 Qe5 31. Qh5 Re6 32. Qxh7 Ra7 33. Rd2 e3 34. Rd3 b4 35.
Rxe3 Qxh2+ 36. Qxh2 Bxh2 37. Rxe6 fxe6 38. Nd4+ 1-0

[Event "15th HZ Open"]
[Site "Vlissingen NED"]
[Date "2011.08.03"]
[Round "6"]
[White "Grochal, Joey"]
[Black "Tan, Matthew"]
[Result "1/2-1/2"]
[BlackTitle "FM"]
[WhiteElo "2147"]
[BlackElo "2400"]
[WhiteFideId "1019945"]
[BlackFideId "1011316"]
[EventDate "2011.07.30"]

1. e4 e6 2. d4 d5 3. Nc3 Nf6 4. e5 Nfd7 5. f4 c5 6. Nf3 Nc6 7. Be3 cxd4 8. Nxd4
Bc5 9. Qd2 O-O 10. O-O-O a6 11. Kb1 Nxd4 12. Bxd4 b5 13. h4 Qc7 14. h5 b4 15.
Na4 Bxd4 16. Qxd4 a5 17. h6 g6 18. Rc1 Qc6 19. b3 Ba6 20. c3 Bxf1 21. Rhxf1 bxc3
22. g4 Rab8 23. Rxc3 Qa6 24. Rf2 Rb4 25. Qd2 Nb6 26. Rc6 Rxa4 27. bxa4 Qb7 28.
Rxb6 Qxb6+ 29. Ka1 Rb8 30. Qb2 Qd8 31. Qc1 Qb6 32. Qb2 Qd8 33. Qc1 Qf8 34. f5
Qb4 35. Rf4 d4 36. Rf3 d3 37. Rxd3 Qe4 38. Rc3 Qxe5 39. Qe3 Qd5 40. Rb3 Qd1+ 41.
Kb2 Rd8 42. Qc3 e5 43. Qc7 Qd2+ 44. Ka3 Rf8 45. Qxe5 Qxh6 46. Qc3 Qg5 47. fxg6
hxg6 48. Rb5 Qxg4 49. Rxa5 Rd8 50. Rc5 Qe2 51. Rc8 Qe7+ 52. Qc5 Qxc5+ 53. Rxc5
f5 54. a5 f4 55. a6 Ra8 56. Rc6 Kg7 57. Kb4 g5 58. Kc4 f3 59. Kd3 Re8 60. a7 g4
61. Rc4 Ra8 62. Rxg4+ Kf6 63. Rc4 Ke5 1/2-1/2

[Event "15th HZ Open"]
[Site "Vlissingen NED"]
[Date "2011.08.03"]
[Round "6"]
[White "Go, Benjamin"]
[Black "Van Eijk, Sander"]
[Result "1-0"]
[BlackTitle "FM"]
[WhiteElo "2124"]
[BlackElo "2380"]
[WhiteFideId "1014560"]
[BlackFideId "1011510"]
[EventDate "2011.07.30"]

1. e4 e6 2. d4 d5 3. Nc3 Nf6 4. e5 Nfd7 5. f4 c5 6. Nf3 Nc6 7. Be3 a6 8. Qd2 b5
9. Be2 Qb6 10. O-O cxd4 11. Nxd4 Bc5 12. Rad1 Bb7 13. Bf3 Nxd4 14. Bxd4 Bxd4+
15. Qxd4 Rc8 16. Rf2 Qxd4 17. Rxd4 Nb6 18. a4 Rxc3 19. bxc3 Nxa4 20. f5 Bc6 21.
c4 Nb6 22. cxb5 axb5 23. fxe6 fxe6 24. Rf4 Nc4 25. Be2 Nxe5 26. Bxb5 Bxb5 27.
Rb4 Kd7 28. Rxb5 g6 29. Rb6 Nc6 30. Rf7+ Kd6 31. c3 Kc5 32. Ra6 Kb5 33. Ra1 e5
34. Rd7 Rd8 35. Rxd8 Nxd8 36. Ra7 Nc6 37. Rxh7 e4 38. Rg7 Ne5 39. Re7 Nd3 40.
Rc7 Kb6 41. Rg7 Nf4 42. Kf1 Kc5 43. g3 Nd3 44. Rxg6 Ne5 45. Rg7 Kc4 46. Ke2 Kxc3
47. Rc7+ Nc4 48. h4 d4 49. h5 d3+ 50. Kd1 e3 51. h6 Kb3 52. Rxc4 e2+ 53. Kd2
Kxc4 54. h7 1-0

[Event "15th HZ Open"]
[Site "Vlissingen NED"]
[Date "2011.08.03"]
[Round "6"]
[White "De Jong, Migchiel"]
[Black "Porte, Henrik"]
[Result "0-1"]
[WhiteTitle "IM"]
[WhiteElo "2376"]
[BlackElo "2119"]
[WhiteFideId "1002848"]
[BlackFideId "1016326"]
[EventDate "2011.07.30"]

1. e4 c6 2. d3 d5 3. Nd2 e5 4. Ngf3 Bd6 5. d4 exd4 6. exd5 cxd5 7. Bb5+ Nc6 8.
Nxd4 Qe7+ 9. Qe2 Qxe2+ 10. Kxe2 Bd7 11. N2f3 Nf6 12. Be3 O-O 13. Rhe1 Rfe8 14.
h3 Bf4 15. Bxc6 bxc6 16. Nb3 Bxe3 17. fxe3 Rab8 18. Rab1 Ne4 19. Nfd2 Nd6 20. g4
f5 21. Nc5 Bc8 22. Kf3 fxg4+ 23. hxg4 Rb4 24. g5 Nc4 25. Nxc4 Rxc4 26. Nd3 Rxc2
27. Rbc1 Rd2 28. Red1 Rh2 29. Rxc6 Rh3+ 30. Kf2 Bg4 31. Re1 Rf3+ 32. Kg2 Rf5 33.
g6 Bf3+ 34. Kg3 hxg6 35. Nf4 g5 36. Ne6 Be4 37. Nd4 Rf6 38. Rc7 Ref8 39. Rxa7
Rf2 40. Rg1 Rxb2 41. Kg4 Rff2 42. a4 Kh7 43. Rg3 Kh6 44. a5 Rg2 45. Ra6+ g6 46.
Rb6 Rxg3+ 47. Kxg3 Rg2+ 48. Kh3 Kh5 0-1

[Event "15th HZ Open"]
[Site "Vlissingen NED"]
[Date "2011.08.03"]
[Round "6"]
[White "Van de Wynkele, Eric"]
[Black "Dahm, Jochen"]
[Result "0-1"]
[BlackTitle "FM"]
[WhiteElo "2086"]
[BlackElo "2345"]
[WhiteFideId "205702"]
[BlackFideId "4659350"]
[EventDate "2011.07.30"]

1. e4 g6 2. d4 Bg7 3. Nc3 d6 4. Bc4 e6 5. Nge2 Ne7 6. Bb3 a6 7. a4 Nd7 8. Be3
Nf6 9. f3 b6 10. Qd2 h6 11. Nd1 d5 12. Nf2 Bb7 13. Qd3 Nd7 14. Qd2 c5 15. c3 Nc6
16. exd5 Na5 17. Ba2 Bxd5 18. O-O Bxa2 19. Rxa2 Nc4 20. Qd3 Nxe3 21. Qxe3 O-O
22. Rd1 Qc7 23. d5 exd5 24. Rxd5 Nf6 25. Re5 Rfe8 26. Rxe8+ Rxe8 27. Qd2 Qe5 28.
b3 Nd5 29. Ng4 Qg5 30. Qxg5 hxg5 31. c4 Nb4 32. Rd2 f5 33. Nf2 Bc3 0-1

[Event "15th HZ Open"]
[Site "Vlissingen NED"]
[Date "2011.08.03"]
[Round "6"]
[White "Ortmann, David"]
[Black "Willemsma, Abe"]
[Result "1-0"]
[WhiteTitle "FM"]
[WhiteElo "2322"]
[BlackElo "2088"]
[WhiteFideId "4651588"]
[BlackFideId "1011561"]
[EventDate "2011.07.30"]

1. Nf3 Nf6 2. c4 Nc6 3. d4 e6 4. Nc3 Bb4 5. Bd2 d6 6. g3 O-O 7. Bg2 Qe7 8. O-O
e5 9. d5 Nb8 10. a3 Bxc3 11. Bxc3 Ne4 12. Be1 f5 13. b4 c5 14. Qc2 b6 15. Nh4
Ng5 16. f4 exf4 17. Rxf4 g6 18. Bc3 Nd7 19. Re1 cxb4 20. axb4 a5 21. bxa5 bxa5
22. Qd2 Nc5 23. Qd4 Nb3 24. Qd3 Nc5 25. Qd4 Nb3 26. Qh8+ Kf7 27. Qg7+ Ke8 28. e4
Ra7 29. Qh6 fxe4 30. Rxf8+ Qxf8 31. Qxg5 Nc5 32. Bxe4 Re7 33. Bg2 a4 34. Rxe7+
Qxe7 35. Qxe7+ Kxe7 36. Nf3 a3 37. Nd2 Bf5 38. Bf1 Bc2 39. Kf2 g5 40. Ke3 Kf7
41. Bg2 a2 42. Be4 1-0

[Event "15th HZ Open"]
[Site "Vlissingen NED"]
[Date "2011.08.03"]
[Round "6"]
[White "In't Veld, Daan"]
[Black "Van Overdam, Jan"]
[Result "1-0"]
[WhiteElo "2224"]
[BlackElo "2062"]
[WhiteFideId "1016270"]
[BlackFideId "1022741"]
[EventDate "2011.07.30"]

1. e4 c5 2. Nf3 g6 3. d4 cxd4 4. Nxd4 Nc6 5. c4 Nf6 6. Nc3 d6 7. Nc2 Bg7 8. Be2
O-O 9. O-O Be6 10. Be3 Qc8 11. f3 Nd7 12. Qd2 Na5 13. b3 b5 14. Rac1 bxc4 15.
Nd5 Bxd5 16. Qxd5 Nb7 17. Qxc4 Qxc4 18. Bxc4 Nb6 19. Bb5 Nc5 20. Nd4 a6 21. Be2
Bxd4 22. Bxd4 Nbd7 23. Rfd1 Ne6 24. Bc3 a5 25. Bb5 Ndc5 26. e5 dxe5 27. Bxe5
Rfd8 28. Bc3 Rxd1+ 29. Rxd1 Nb7 30. Be1 Nd6 31. Be2 a4 32. b4 Rc8 33. Kf2 Kg7
34. g3 f5 35. Rd3 Rc2 36. Rd2 Rc1 37. a3 Kf7 38. Rb2 Nd4 39. b5 Rc2 40. Rxc2
Nxc2 41. b6 Ke6 42. Bb5 Nxa3 43. Bc6 Nc2 44. Bc3 f4 45. gxf4 a3 46. Ba4 1-0

[Event "15th HZ Open"]
[Site "Vlissingen NED"]
[Date "2011.08.03"]
[Round "6"]
[White "Steenbekkers, Franck"]
[Black "Van Der Zalm, Marnix"]
[Result "1/2-1/2"]
[WhiteTitle "CM"]
[WhiteElo "2223"]
[BlackElo "2058"]
[WhiteFideId "1004220"]
[BlackFideId "1004611"]
[EventDate "2011.07.30"]

1. e4 d6 2. d4 Nf6 3. Nc3 g6 4. f4 Bg7 5. Nf3 O-O 6. Bd3 Na6 7. O-O c5 8. d5 Bg4
9. Kh1 Rb8 10. a3 Nc7 11. Qe1 b5 12. Qh4 c4 13. Be2 Bxf3 14. Rxf3 e6 15. dxe6
fxe6 16. Rh3 a5 17. e5 Nh5 18. Bxh5 Qxh4 19. Rxh4 gxh5 20. exd6 Ne8 21. Ne4 Nxd6
22. Nxd6 Rbd8 23. c3 Rxd6 24. Be3 Rf5 25. Rh3 Rd3 26. Re1 b4 27. axb4 axb4 28.
Rg3 bxc3 29. bxc3 Rfd5 30. Bd4 Rxg3 31. hxg3 Bxd4 32. cxd4 Kf7 33. Re4 Kf6 34.
Kg1 Kf5 35. Re3 Kg4 36. Rxe6 Kxg3 37. f5 Rxd4 38. Re3+ Kg4 39. f6 Rd8 40. f7 1/2-1/2

[Event "15th HZ Open"]
[Site "Vlissingen NED"]
[Date "2011.08.03"]
[Round "6"]
[White "Kuling, Lody"]
[Black "Rademakers, Maarten"]
[Result "1-0"]
[WhiteElo "2223"]
[BlackElo "2054"]
[WhiteFideId "1019686"]
[BlackFideId "1026003"]
[EventDate "2011.07.30"]

1. e4 e5 2. Nf3 Nf6 3. Nxe5 d6 4. Nf3 Nxe4 5. Nc3 Nxc3 6. dxc3 Be7 7. Bf4 Bg4 8.
h3 Be6 9. Qd2 Nd7 10. Ng5 Bf5 11. O-O-O Nc5 12. Bc4 Ne6 13. Rhe1 Qd7 14. Nxf7
Kxf7 15. g4 Kf8 16. gxf5 Nxf4 17. Qxf4 Bf6 18. Re6 h5 19. Qe4 Rb8 20. f4 h4 21.
Qe3 a6 22. Qg1 Rh6 23. Qg2 Rh8 24. Rde1 Rh6 25. Qd5 Rh8 26. Re7 Qxe7 27. Rxe7
Kxe7 28. Qf7+ Kd8 29. Be6 Be7 30. Qxg7 Rf8 31. Bf7 1-0

[Event "15th HZ Open"]
[Site "Vlissingen NED"]
[Date "2011.08.03"]
[Round "6"]
[White "Ten Hagen, Yorick"]
[Black "De Vleeschauwer, Maarten"]
[Result "1-0"]
[WhiteElo "2189"]
[BlackElo "1918"]
[WhiteFideId "1020072"]
[BlackFideId "214809"]
[EventDate "2011.07.30"]

1. d4 e6 2. c4 f5 3. g3 Nf6 4. Bg2 Be7 5. Nf3 d6 6. O-O O-O 7. Nc3 Qe8 8. Qc2
Qh5 9. e4 e5 10. c5 f4 11. cxd6 cxd6 12. dxe5 dxe5 13. gxf4 Nc6 14. f5 g6 15.
Ne2 gxf5 16. Ng3 Qg4 17. h3 Qg7 18. Nxf5 Bxf5 19. exf5 e4 20. Ng5 Nd4 21. Qc4+
Kh8 22. Qxd4 Rg8 23. f3 Rac8 24. Kh1 Bc5 25. Qc4 h6 26. fxe4 hxg5 27. e5 Nh5 28.
Qg4 Qh7 29. b4 Bxb4 30. Qxb4 Ng3+ 31. Kg1 Nxf1 32. e6 Qxf5 33. Bb2+ Kh7 34. Be4 1-0

[Event "15th HZ Open"]
[Site "Vlissingen NED"]
[Date "2011.08.03"]
[Round "6"]
[White "Lacrosse, Marc"]
[Black "Swijsen, Lars"]
[Result "1-0"]
[WhiteTitle "FM"]
[WhiteElo "2185"]
[BlackElo "1960"]
[WhiteFideId "200921"]
[BlackFideId "211800"]
[EventDate "2011.07.30"]

1. d4 Nf6 2. Nf3 g6 3. c4 Bg7 4. Nc3 d5 5. cxd5 Nxd5 6. e4 Nxc3 7. bxc3 c5 8.
Be3 Nc6 9. Rc1 cxd4 10. cxd4 Qa5+ 11. Qd2 Qxd2+ 12. Kxd2 O-O 13. Bb5 Rd8 14.
Bxc6 bxc6 15. Rc5 Bd7 16. Rhc1 Rdb8 17. Ne1 Rb4 18. R1c4 Rb2+ 19. Rc2 Rxc2+ 20.
Kxc2 e6 21. Ra5 f6 22. Nd3 Bf8 23. Ra6 Kf7 24. Bd2 Bd6 25. Bb4 Bxh2 26. g3 h5
27. e5 f5 28. Bd2 h4 29. gxh4 Bg1 30. Be3 Ke8 31. Bg5 c5 32. dxc5 Bc8 33. Rd6
Bh2 34. Rd8+ Kf7 35. c6 f4 1-0

[Event "15th HZ Open"]
[Site "Vlissingen NED"]
[Date "2011.08.03"]
[Round "6"]
[White "Both, Erik"]
[Black "Afek, Yochanan"]
[Result "0-1"]
[BlackTitle "IM"]
[WhiteElo "2147"]
[BlackElo "2298"]
[WhiteFideId "1010999"]
[BlackFideId "2800462"]
[EventDate "2011.07.30"]

1. e4 c5 2. Nf3 Nf6 3. d3 Nc6 4. g3 d5 5. Nbd2 g6 6. Bg2 Bg7 7. O-O O-O 8. Re1
b6 9. c3 dxe4 10. dxe4 Bb7 11. Qc2 Qc7 12. Nc4 Rad8 13. Bf4 Qc8 14. a4 Ba6 15.
Nfd2 Qe6 16. b3 Nh5 17. Be3 Ne5 18. Nxe5 Qxe5 19. Rac1 Bd3 20. Qa2 Qc7 21. b4 c4
22. a5 b5 23. a6 Nf6 24. f4 e5 25. Qa5 Qb8 26. fxe5 Nd7 27. Nf3 Nxe5 28. Nd4 Ng4
29. Nc6 Qd6 30. e5 Qd7 31. Bg5 Rde8 32. Qxb5 Nxe5 33. Qc5 Nxc6 34. Rxe8 Qxe8 35.
Bxc6 Qe2 36. Qxa7 Bxc3 37. Qf2 Qe5 38. Bf6 Qxf6 39. Rxc3 Qxc6 0-1

[Event "15th HZ Open"]
[Site "Vlissingen NED"]
[Date "2011.08.03"]
[Round "6"]
[White "Provoost, Simon"]
[Black "Blom, Vincent"]
[Result "1/2-1/2"]
[WhiteElo "2295"]
[BlackElo "2126"]
[WhiteFideId "1016334"]
[BlackFideId "1014358"]
[EventDate "2011.07.30"]

1. c4 d6 2. g3 g6 3. Bg2 Bg7 4. Nc3 e5 5. e4 Ne7 6. Nge2 c5 7. O-O O-O 8. a3
Nbc6 9. Rb1 g5 10. d3 Ng6 11. b4 h6 12. Nd5 b6 13. b5 Nce7 14. Nec3 Nxd5 15.
Nxd5 Ne7 16. Nxe7+ Qxe7 17. Qh5 Qe6 18. f4 gxf4 19. gxf4 Qg4 20. Qxg4 Bxg4 21.
Bf3 Bh3 22. Re1 exf4 23. Bxf4 Rad8 24. Kf2 Kh7 25. Re2 Be5 26. Ke3 Ra8 27. Bxe5
dxe5 28. Bh5 Be6 29. Rf2 a6 30. bxa6 Rxa6 31. Rbf1 Ra7 1/2-1/2

[Event "15th HZ Open"]
[Site "Vlissingen NED"]
[Date "2011.08.03"]
[Round "6"]
[White "Stange, Sven"]
[Black "Van Den Berg, Ad"]
[Result "1/2-1/2"]
[WhiteElo "2110"]
[BlackElo "2244"]
[WhiteFideId "203890"]
[BlackFideId "1001426"]
[EventDate "2011.07.30"]

1. d4 d6 2. Nf3 Nf6 3. c4 g6 4. Nc3 Bg7 5. e4 O-O 6. Be2 Nbd7 7. Bg5 h6 8. Bh4
c5 9. d5 Nh5 10. Qd2 g5 11. Bg3 Nxg3 12. hxg3 a6 13. Nh2 Ne5 14. f4 gxf4 15.
gxf4 Ng6 16. Ng4 Bxg4 17. Bxg4 b5 18. Ne2 bxc4 19. Ng3 Rb8 20. Nf5 Rxb2 21.
Nxh6+ Bxh6 22. Qxb2 Bxf4 23. Bf5 Be5 24. Qe2 Kg7 25. Rd1 Qa5+ 26. Kf1 c3 27. Rb1
Qa4 28. Rh3 Bd4 29. Rb3 c4 30. Rbxc3 Bxc3 31. Rxc3 Ne5 32. Rg3+ Kf6 33. Qd2 Ng6
34. Qd4+ Ne5 35. Qd2 Ng6 36. Qd4+ Ne5 1/2-1/2

[Event "15th HZ Open"]
[Site "Vlissingen NED"]
[Date "2011.08.03"]
[Round "6"]
[White "Bolleman, Erik"]
[Black "Bus, Tom"]
[Result "1-0"]
[WhiteElo "2042"]
[BlackElo "2237"]
[WhiteFideId "1016172"]
[BlackFideId "1014374"]
[EventDate "2011.07.30"]

1. d4 d5 2. c4 c6 3. cxd5 cxd5 4. Nc3 Nf6 5. Nf3 Nc6 6. Bf4 Nh5 7. Bg5 h6 8. Bh4
g5 9. Bg3 Bg7 10. e3 Nxg3 11. hxg3 e6 12. Bd3 a6 13. Nd2 e5 14. dxe5 Nxe5 15.
Be2 d4 16. exd4 Qxd4 17. Nde4 Qxd1+ 18. Rxd1 Be6 19. f4 Ng4 20. f5 Ne3 21. fxe6
Nxd1 22. exf7+ Kxf7 23. Kxd1 Rad8+ 24. Kc2 Be5 25. Rf1+ Kg7 26. Bc4 b5 27. Bb3
Rd4 28. Nc5 Rg4 29. Ne6+ Kg6 30. Nf8+ Rxf8 31. Rxf8 Rxg3 32. Bd5 Rg4 33. Ra8 Rd4
34. Rxa6+ Kg7 35. a3 h5 36. Rb6 Bf4 37. Rxb5 h4 38. Bf3 Rd2+ 39. Kb3 g4 40. Bxg4
Rxg2 41. Bc8 Kg6 42. a4 Kh6 43. a5 Rg8 44. Bf5 Be3 45. Nd5 Bd2 46. Kc4 Rg5 47.
Rb6+ Kg7 48. a6 1-0